000 00500nam a22001817a 4500
003 BD-ChCU
005 20260126121711.0
008 260126b bg ||||| |||| 00| 0 ben d
040 _cBD-ChCU
082 _a297.01 SYI
100 _aSyeedur Rahman.
_919696
245 _aAn introduction to Islamic culture and philosophy ./
_cRahman Syeedur
250 _a3rd ed.
260 _aDacca :
_bMullick Bros
_cC 1963
300 _axii , 240p
650 0 _aIslam Philosophy .
_919697
942 _2ddc
_cBK
_n0
999 _c111279
_d111279